| 000 | 00489nam a2200181Ia 4500 | ||
|---|---|---|---|
| 003 | OSt | ||
| 005 | 20260119103120.0 | ||
| 008 | 210210b1966 xxu||||| |||| 00| 0 eng d | ||
| 040 | _cAL | ||
| 041 | _akan | ||
| 082 | _a859/312 | ||
| 100 |
_aKUSUMAKARA _9148927 _dಕುಸುಮಾಕರ |
||
| 245 |
_aNalkaneya Ayama: _bನಾಲ್ಕನೆಯ ಆಯಾಮ |
||
| 260 |
_aSollapura _bDivana Prakashana _c1966 |
||
| 690 |
_aKannada Fiction _9148928 |
||
| 906 | _a021183 | ||
| 942 |
_2ddc _cBK |
||
| 999 |
_c145246 _d145246 |
||